000 00612nam a2200193 a 4500
001 000046929
005 20201002053223.0
008 180406s2015 dr ac 000 0 spa d
020 _a9789945123562
040 _aDO-SdBNP
_bspa
_cBNPHU
082 _axxxx
_bxxxx
100 1 _aOviedo, Rosa Divina
_969385
245 1 0 _aAmanecer 0 :
_bmi libro de educación inicial /
_cRosa Divina Oviedo.
260 _aSanto Domingo :
_bSusaeta,
_c2015.
300 _a220, [221] p. :
_bil. ;
_c22 cm.
500 _aEnfoque por dimensiones nuevo currículo
504 _aBibliografía : [221] p.
590 _aInventariado, 2018/LP
999 _c46417
_d46417